| 000 -LEADER |
| fixed length control field |
01326 a2200265 4500 |
| 003 - CONTROL NUMBER IDENTIFIER |
| control field |
Nust |
| 005 - DATE AND TIME OF LATEST TRANSACTION |
| control field |
20220729123219.0 |
| 010 ## - LIBRARY OF CONGRESS CONTROL NUMBER |
| LC control number |
2011011060 |
| 020 ## - INTERNATIONAL STANDARD BOOK NUMBER |
| International Standard Book Number |
0073383090 |
| 020 ## - INTERNATIONAL STANDARD BOOK NUMBER |
| International Standard Book Number |
9780073383095 |
| 040 ## - CATALOGING SOURCE |
| Transcribing agency |
Nust |
| 082 00 - DEWEY DECIMAL CLASSIFICATION NUMBER |
| Classification number |
511,ROS |
| 100 1# - MAIN ENTRY--PERSONAL NAME |
| Personal name |
Rosen, Kenneth H. |
| 9 (RLIN) |
17956 |
| 245 10 - TITLE STATEMENT |
| Title |
Discrete Mathematics and its Applications / |
| Statement of responsibility, etc. |
Kenneth H. Rosen. |
| 250 ## - EDITION STATEMENT |
| Edition statement |
7th ed. |
| 260 ## - PUBLICATION, DISTRIBUTION, ETC. |
| Place of publication, distribution, etc. |
New York : |
| Name of publisher, distributor, etc. |
McGraw-Hill, |
| Date of publication, distribution, etc. |
c2012. |
| 300 ## - PHYSICAL DESCRIPTION |
| Extent |
1 v. (various pagings) : |
| Other physical details |
ill. ; |
| Dimensions |
28 cm. |
| 505 ## - FORMATTED CONTENTS NOTE |
| Formatted contents note |
The Foundations: Logic and Proof (Page-1), Basic Structures: Sets, Function, Sequence and Sum (Page-121), The Fundamentals, Algorithms, the Integers and Matrices (Page-183), Induction and Recursion (Page-273), Counting (Page-335), Advanced Counting Techniques (Page-391), Relations (Page-459), Graphs (Page-527), Trees (Page-623), Boolean, Algebra (Page-687), Modeling Computation (Page-781). |
| 650 #0 - SUBJECT ADDED ENTRY--TOPICAL TERM |
| Topical term or geographic name entry element |
Computer science |
| General subdivision |
Mathematics. |
| 9 (RLIN) |
17957 |
| 650 #0 - SUBJECT ADDED ENTRY--TOPICAL TERM |
| Topical term or geographic name entry element |
Mathematics. |
| 856 42 - ELECTRONIC LOCATION AND ACCESS |
| Materials specified |
Contributor biographical information |
| Uniform Resource Identifier |
<a href="http://www.loc.gov/catdir/enhancements/fy1110/2011011060-b.html">http://www.loc.gov/catdir/enhancements/fy1110/2011011060-b.html</a> |
| 856 42 - ELECTRONIC LOCATION AND ACCESS |
| Materials specified |
Publisher description |
| Uniform Resource Identifier |
<a href="http://www.loc.gov/catdir/enhancements/fy1110/2011011060-d.html">http://www.loc.gov/catdir/enhancements/fy1110/2011011060-d.html</a> |
| 856 42 - ELECTRONIC LOCATION AND ACCESS |
| Materials specified |
Table of contents only |
| Uniform Resource Identifier |
<a href="http://www.loc.gov/catdir/enhancements/fy1113/2011011060-t.html">http://www.loc.gov/catdir/enhancements/fy1113/2011011060-t.html</a> |
| 942 ## - ADDED ENTRY ELEMENTS (KOHA) |
| Source of classification or shelving scheme |
|
| Koha item type |
Reference |